1049-1122: des papes et des réformes partie 2 - Statistiques

Statistiques générales
  • Ce quiz a été pris 15 fois
  • Le résultat moyen est 17 sur 39
Statistiques - réponses
Hint Réponse % Correct
L'emprise du pape dans le Latium augmente ou diminue ? diminue
100%
L'image du pape est elle négative en Ibérie ? (oui ou non) oui
100%
Vrai ou faux : la consécration épiscopale ne peut avoir lieu avant que les évêques n'aient prêté serment de vassalité au roi s'ils tiennent de lui des biens en fief. vrai
100%
En quelle année selon Isabelle Rosé considère t-elle une "année hérétique" ? 1059
88%
Combien de temps a t-il séjourné avec Urbain II ? 3 ans
88%
En Espagne, la réforme s'est t-elle faite avec les papes ? (oui ou non) non
88%
Quand Alphonse VI de Castille (1065-1109) réunit il a Burgos afin d'abolir le rite et le chant mozarabe afin de le remplacer par le rite romain ? 1080
75%
Quand Grégoire VII présente il la notion de Guerre Sainte afin de contrôler la société par la violence ? 1080
75%
De quel clergé espagnole subi une influence de la part d'un monastère français ? Cluny
75%
Quel pape revendique l'extension de la justice pontificale avec la possibilité de faire à cette même justice ? Alexandre II
63%
Qu'instrumentalise Nicolas II comme mouvement car son pouvoir est contrarié par l'anti-pape ? (milanais avec un niveau de vie aristocratique opposé au clergé). pataria
63%
Quand a lieu le concile de Reims réunit par Léon IX ? 1049
50%
En quelle année suspendit il Richard II de Bourges car il contestait l'autorité du pape ? 1078
50%
En quel année le duc Hugues d Bourgognes 1er abdiqua et fit le choix de devenir prieur à l'abbaye de Cluny contre l'avis du pape ? 1079
50%
Quand est-ce que Urbain II exige la destruction des châteaux adultérins (fortifications laïques construites à trop grande proximité de pôles ecclésiastiques) ? 1095
50%
En quelle année le décret est il rédigé ? 1140
50%
Quand est-ce que le peuple de Rome se révolte et créer une municipalité ? Le peuple détient un pouvoir temporel rival à celui du pape. 1143
50%
Qui défini une société en 3 ordres ? Adalbéron de Laon
50%
Qui sont les personnes qui représente le pape dans les provinces d'Europe ? les prélats
50%
Qui désigne le pape comme le "princeps imperatorum" supérieur à tous les rois et aussi comme le "precipuus Rominum" en étant au dessus de la condition humaine et aussi comme "l'évêque universel" ? (1064) Pierre Damien
50%
Quand les papes obtiennent ils le droit de réclamer la dîme en Espagne de la part des rois ? (un siècle précis) XIème siècle
50%
Combien de prélats sont présents en 1095 lors du concile de Clermont ? (environ) 4000
38%
Par quel décret la société se défini en 2 ordres ? (clercs et laïcs) Décret de Gratien
38%
Qui utilise l'expression suivante "chrétienté sans pape" ? Deswarte
38%
Que rédige l'empereur Constantin en 315, qui est utilisé durant l'époque étudiée afin de multiplier les revendications sur différentes terres ? Donation de Constantin
38%
Qui a écrit les Tractaus Garsiae ? (2 personnes) Albino et Rufino
25%
Avec qui la situation avec l'archevêque s'envenime t-elle ? Anselme de Canterbury
25%
Que c'est vu confié Guillaume le conquérant par le pape pour convertir les anglais bannière de Saint Pierre
25%
Que critiquer ce texte contre la curie romaine ? corruption
25%
Qui dit "Léon IX dirigea l'Eglise avec sa selle" ? Goetz
25%
Qui demande aux évêques de venir chercher le pallium à Rome ? Nicolas II
25%
Qui nomme Guillaume comme archevêque de Canterbury afin d'appliquer le programme en Angleterre? Lanfranc de Canterbury
13%
Qui défini la notion de châteaux "adultérins" ? Orderic Vital
13%
Comment la papauté renforce la conception des Etats pontificaux ? en les rendant inaliénables
0%
Qui règne en Espagne de 1037 à 1065 ? Ferdinand 1er
0%
Quel seigneur s'est converti au christianisme en fin de vie et a abandonné son titre de seigneur au profit de l'abbaye de Montier-en-Der ? Guitier de Moeslans
0%
Quel prélat nommé en 1075 effectue entre 1 et 4 conciles par an dans le sud de la France ? Huges de Die
0%
Qui dit "sécularisation de la seigneurie des laïcs" ? Leuwers
0%
A qui il octroi le pardon des pêchés en échange d'une lutte contre Henri IV ? Rodolphe de Souabe
0%
Aucun quiz correspondant
Distribution des résultats
% des personnes avec chaque résultat
Percentile par nombre de réponses
Votre historique - résultats
Vous n’avez pas pris ce quiz